00502 2200181 4500001002100000005001500021035002000036245006700056100002600123300003200149260004800181082001200229084001800241020001800259650002300277990001000300990001000310INLIS00000000003286920220628011822 a0010-06220002991 aTelevisi Digital Konsep Dan Penerapan /cErik Risnanda Prabowo0 aErik Risnanda Prabowo avi+122 hlm :bIlus ;c25 cm aYogyakarta :bSkripta Media Creative,c2015 a621.381 a621.381 ERI t a9786021691076 4aTeknik Elektronika a52488 a52489